<?xml version="1.0" encoding="UTF-8"?>
<record
    xmlns:xsi="http://www.w3.org/2001/XMLSchema-instance"
    xsi:schemaLocation="http://www.loc.gov/MARC21/slim http://www.loc.gov/standards/marcxml/schema/MARC21slim.xsd"
    xmlns="http://www.loc.gov/MARC21/slim">

  <leader>00717nam a22002417a 4500</leader>
  <controlfield tag="001">3656</controlfield>
  <controlfield tag="003">FISKH</controlfield>
  <controlfield tag="005">20240403113516.0</controlfield>
  <controlfield tag="008">240403b        cb ||||| |||| 00| 0 eng d</controlfield>
  <datafield tag="040" ind1=" " ind2=" ">
    <subfield code="a">FISK </subfield>
    <subfield code="b">eng </subfield>
    <subfield code="c">FISK</subfield>
    <subfield code="d">FISK </subfield>
  </datafield>
  <datafield tag="050" ind1=" " ind2=" ">
    <subfield code="a">PZ7.S7242 </subfield>
  </datafield>
  <datafield tag="082" ind1=" " ind2=" ">
    <subfield code="a">813 </subfield>
  </datafield>
  <datafield tag="100" ind1=" " ind2=" ">
    <subfield code="a">Soto Gary  </subfield>
    <subfield code="d">1952- </subfield>
  </datafield>
  <datafield tag="245" ind1=" " ind2=" ">
    <subfield code="a">Baseball in April and other stories / </subfield>
    <subfield code="c">Gary Soto </subfield>
  </datafield>
  <datafield tag="260" ind1=" " ind2=" ">
    <subfield code="a">Florida : </subfield>
    <subfield code="b">Gary Soto, </subfield>
    <subfield code="c">1990 </subfield>
  </datafield>
  <datafield tag="300" ind1=" " ind2=" ">
    <subfield code="a">111 pages : </subfield>
    <subfield code="c">20 cm </subfield>
  </datafield>
  <datafield tag="505" ind1=" " ind2=" ">
    <subfield code="a">O</subfield>
  </datafield>
  <datafield tag="520" ind1=" " ind2=" ">
    <subfield code="a">A collection of eleven short stories focusing on the everyday adventures of Hispanic young people growing up in Fresno, California. </subfield>
  </datafield>
  <datafield tag="521" ind1="8" ind2=" ">
    <subfield code="a">830 </subfield>
    <subfield code="b">Lexile </subfield>
  </datafield>
  <datafield tag="700" ind1=" " ind2=" ">
    <subfield code="a">Gary Soto </subfield>
  </datafield>
  <datafield tag="942" ind1=" " ind2=" ">
    <subfield code="2">ddc</subfield>
    <subfield code="c">BK</subfield>
    <subfield code="n">0</subfield>
  </datafield>
  <datafield tag="999" ind1=" " ind2=" ">
    <subfield code="c">3656</subfield>
    <subfield code="d">3656</subfield>
  </datafield>
  <datafield tag="952" ind1=" " ind2=" ">
    <subfield code="0">0</subfield>
    <subfield code="1">0</subfield>
    <subfield code="2">ddc</subfield>
    <subfield code="4">0</subfield>
    <subfield code="7">0</subfield>
    <subfield code="8">FIC</subfield>
    <subfield code="a">001</subfield>
    <subfield code="b">001</subfield>
    <subfield code="c">SBS</subfield>
    <subfield code="d">2024-04-03</subfield>
    <subfield code="l">0</subfield>
    <subfield code="o">SOT PZ7.S7242 813 </subfield>
    <subfield code="p">2024-0455</subfield>
    <subfield code="r">2024-04-03 11:36:01</subfield>
    <subfield code="t">1</subfield>
    <subfield code="w">2024-04-03</subfield>
    <subfield code="y">BK</subfield>
  </datafield>
</record>
